| 000 | 00656nam a22002057a 4500 | ||
|---|---|---|---|
| 999 |
_c5228 _d5228 |
||
| 003 | AR-CdUCM | ||
| 008 | 190312b ||||| |||| 00| 0 spa d | ||
| 040 |
_aMUNICIPALIDAD PROVINCIAL DEL CUSCO _cBIBLIOTECA MUNICIPAL DEL CUSCO |
||
| 082 |
_a868.6 / _bD88 |
||
| 100 |
_aDomínguez, José León : _cKeltom McIntire _915846 |
||
| 245 | _aSueldo diabólico / | ||
| 260 |
_aBarcelona : _bBruguera, _c1980. |
||
| 300 |
_a96 páginas ; _c14.5 cm. |
||
| 650 |
_aNarrativa española _915847 |
||
| 650 |
_aCiencia ficción _91624 |
||
| 650 |
_aNovelas - Siglo XX - España _915848 |
||
| 650 |
_aKelltom McIntire _915849 |
||
| 942 |
_2ddc _cLIBROS |
||
| 945 | _alccs | ||